000 00956cam a2200265 a 4500
001 4489753
003 ARRUPE
005 20150908092146.0
008 970611s1997 mnu b 001 0 eng
010 _a 97025953
020 _a0816625549 (hc : alk. paper)
040 _aDLC
_cDLC
_dDLC
041 1 _aeng
_hfre
050 0 0 _aB2430.L963
_bM6713 1997
082 0 0 _a194
_221
100 1 _aLyotard, Jean-François,
_d1924-1998.
_919426
245 1 0 _aPostmodern fables /
_cJean-François Lyotard ; translated by Georges Van Den Abbeele.
260 _aMinneapolis, MN :
_bUniversity of Minnesota Press,
_cc1997.
300 _avii, 259 p. ;
_c21 cm.
650 0 _aEthics, Modern
_y20th century.
_919427
650 0 _aPostmodernism.
_xMoral and ethical aspects
_919428
906 _a7
_bcbc
_corignew
_d1
_eocip
_f19
_gy-gencatlg
942 _2lcc
_cMONOGRAPH
999 _c123272
_d123272